States of Germany by Borders - Statistics

General Stats
  • This quiz has been taken 70 times
  • The average score is 13 of 16
Answers on the Map
Answers color-coded by a green-red scale on the quiz's map according to % correct below.
 
Answer Stats
State % Correct
Bavaria
94%
Hesse
94%
Brandenburg
92%
Thuringia
92%
Baden-Württemberg
89%
Saxony
89%
Berlin
86%
Lower Saxony
86%
Hamburg
78%
Schleswig-Holstein
78%
Saxony-Anhalt
75%
Rhineland-Palatinate
72%
North Rhine-Westphalia
69%
Bremen
67%
Mecklenburg-Vorpommern
67%
Saarland
53%
No matching quizzes found
Score Distribution
Percent of People with Each Score
Percentile by Number Answered
Your Score History
You have not taken this quiz